000
00317nam a2200121Ia 4500
008
220217s9999 xx 000 0 und d
100
_a
Mathew, A.O.
245
0
_a
Latex foam
260
_b
Cochin University of Science and Technology
_a
Kochi
_c
1980
500
_a
Course: B.Tech.
700
_a
Dr EVThomas
942
_c
TS
999
_c
74295
_d
74295